Bangladesh and Its Neighbours / (Record no. 17614)

MARC details
000 -LEADER
fixed length control field 00836nam a22002297a 4500
003 - CONTROL NUMBER IDENTIFIER
control field BDDh-ASL
005 - DATE AND TIME OF LATEST TRANSACTION
control field 20231015025613.0
008 - FIXED-LENGTH DATA ELEMENTS--GENERAL INFORMATION
fixed length control field 170613s2008 bg ||||| |||| 001 0 eng
020 ## - INTERNATIONAL STANDARD BOOK NUMBER
International Standard Book Number 9843000023751
037 ## - SOURCE OF ACQUISITION
Source of stock number/acquisition Asiatic Society of Bangladesh
Terms of availability Tk 400
040 ## - CATALOGING SOURCE
Original cataloging agency BDDh-ASL
Transcribing agency BDDh-ASL
082 ## - DEWEY DECIMAL CLASSIFICATION NUMBER
Classification number 327.5492
Item number AHB
100 1# - MAIN ENTRY--PERSONAL NAME
Personal name Ahmed, Kamal Uddin
9 (RLIN) 410
245 10 - TITLE STATEMENT
Title Bangladesh and Its Neighbours /
Statement of responsibility, etc. Kamal Uddin Ahmed
260 ## - PUBLICATION, DISTRIBUTION, ETC.
Place of publication, distribution, etc. Dhaka:
Name of publisher, distributor, etc. Asiatic Society of Bangladesh,
Date of publication, distribution, etc. 2008.
300 ## - PHYSICAL DESCRIPTION
Extent viii, 211 p.:
Dimensions 25 cm.
440 ## - SERIES STATEMENT/ADDED ENTRY--TITLE
Title Asiatic Society of Bangladesh publication;
Volume/sequential designation no. 101
9 (RLIN) 312
500 ## - GENERAL NOTE
General note Includes index
505 ## - FORMATTED CONTENTS NOTE
Formatted contents note Bibliography: P. 197-205
650 ## - SUBJECT ADDED ENTRY--TOPICAL TERM
Topical term or geographic name entry element Regitional Relations
Form subdivision Bangladesh-India
-- Bangladesh-Pakistan
-- Bangladesh-Myanmar
-- Bangladesh-Nepal
-- Bangladesh-Bhutan
Geographic subdivision Bangladesh
9 (RLIN) 411
942 ## - ADDED ENTRY ELEMENTS (KOHA)
Source of classification or shelving scheme Dewey Decimal Classification
Koha item type Books
Holdings
Withdrawn status Lost status Source of classification or shelving scheme Damaged status Not for loan Collection code Home library Current library Shelving location Date acquired Source of acquisition Serial Enumeration / chronology Total Checkouts Full call number Barcode Date last seen Copy number Price effective from Koha item type Public note
    Dewey Decimal Classification     Non-fiction Asiatic Society Library Asiatic Society Library General Stacks 06/13/2017 ASB Publications ASP-101   327.5492 AHB 100550 06/13/2017 C-1 06/13/2017 Books RARE
    Dewey Decimal Classification     Non-fiction Asiatic Society Library Asiatic Society Library General Stacks 06/13/2017 ASB Publications ASP-101   327.5492 AHB 100551 06/13/2017 C-2 06/13/2017 Books RARE
    Dewey Decimal Classification     Non-fiction Asiatic Society Library Asiatic Society Library General Stacks 06/13/2017 ASB Publications ASP-101   327.5492 AHB 100552 06/13/2017 C-3 06/13/2017 Books RARE
    Dewey Decimal Classification     Non-fiction Asiatic Society Library Asiatic Society Library General Stacks 06/13/2017 ASB Publications ASP-101   327.5492 AHB 100553 06/13/2017 C-4 06/13/2017 Books RARE
    Dewey Decimal Classification     Non-fiction Asiatic Society Library Asiatic Society Library General Stacks 06/13/2017 ASB Publications ASP-101   327.5492 AHB 100554 06/13/2017 C-5 06/13/2017 Books RARE

Powered by Koha